| 000 | 00683nam a2200265 a 4500 | ||
|---|---|---|---|
| 003 | AR-BaBNM | ||
| 005 | 20251128204607.0 | ||
| 008 | 082120s2002 ||||||||||||||000 | spa|| | ||
| 020 | _a84-236-3985-1 | ||
| 040 | _cAR-BaBNM | ||
| 100 | 1 | _aDunbar, Joyce | |
| 245 | 0 | 0 | _aPatatas y tomates |
| 260 |
_aBarcelona _bEdebé _c1991 |
||
| 300 |
_a31 p. _bil. |
||
| 490 | 0 |
_aTren azul _vv. 1 |
|
| 500 | _aSe recomienda para primeras lecturas | ||
| 650 | 4 | _aLITERATURA INFANTIL | |
| 650 | 4 | _aLIBROS PARA NIÑOS | |
| 650 | 4 | _aLITERATURA ESPAÑOLA | |
| 653 | _aPOESIA INFANTIL | ||
| 655 | _aLITERATURA | ||
| 700 | 1 |
_aRodríguez, Conxita _eilustrador |
|
| 942 | _cBK | ||
| 998 | _cLAURA | ||
| 999 |
_c8054 _d8054 |
||